Loading...
| Fine Arts - Classical Music | 6 | 18.33 | 100% | 83% | 0% |
| Fine Arts - Other Fine Arts | 4 | 12.50 | 100% | 25% | 0% |
| Fine Arts - Painting and Sculpture | 3 | 10.00 | 100% | 0% | 0% |
| Geography | 1 | 20.00 | 100% | 0% | 100% |
| History - American History | 4 | 12.50 | 100% | 25% | 0% |
| History - European History | 3 | 16.67 | 100% | 67% | 0% |
| History - Other History | 5 | 14.00 | 100% | 40% | 0% |
| History - World History | 4 | 10.00 | 100% | 0% | 0% |
| Literature - American Literature | 3 | 16.67 | 100% | 33% | 33% |
| Literature - British Literature | 5 | 12.00 | 80% | 40% | 0% |
| Literature - European Literature | 3 | 13.33 | 100% | 33% | 0% |
| Literature - World Literature | 5 | 14.00 | 100% | 40% | 0% |
| Mythology | 3 | 10.00 | 100% | 0% | 0% |
| Philosophy | 4 | 15.00 | 75% | 50% | 25% |
| Pop Culture | 2 | 15.00 | 100% | 50% | 0% |
| Religion | 3 | 20.00 | 100% | 100% | 0% |
| Science - Biology | 2 | 10.00 | 100% | 0% | 0% |
| Science - Chemistry | 6 | 11.67 | 83% | 33% | 0% |
| Science - Other Science | 5 | 12.00 | 80% | 40% | 0% |
| Science - Physics | 3 | 16.67 | 100% | 67% | 0% |
| Social Science | 3 | 13.33 | 100% | 33% | 0% |